<?xml version="1.0" encoding="UTF-8"?>
<record
    xmlns:xsi="http://www.w3.org/2001/XMLSchema-instance"
    xsi:schemaLocation="http://www.loc.gov/MARC21/slim http://www.loc.gov/standards/marcxml/schema/MARC21slim.xsd"
    xmlns="http://www.loc.gov/MARC21/slim">

  <leader>01159aab a2200241 i 4500</leader>
  <controlfield tag="001">768714001</controlfield>
  <controlfield tag="003">CO-MdFUSB</controlfield>
  <controlfield tag="005">20240703171752.0</controlfield>
  <controlfield tag="008">240703t1994    sz ||||| |||| 00| 0 eng d</controlfield>
  <datafield tag="040" ind1=" " ind2=" ">
    <subfield code="b">spa</subfield>
    <subfield code="c">CO-MdFUSB</subfield>
  </datafield>
  <datafield tag="041" ind1=" " ind2=" ">
    <subfield code="a">eng</subfield>
  </datafield>
  <datafield tag="100" ind1="1" ind2=" ">
    <subfield code="a">Gordon, J. Dorcas</subfield>
    <subfield code="e">autor</subfield>
  </datafield>
  <datafield tag="245" ind1="1" ind2="3">
    <subfield code="a">The richness of cultures : </subfield>
    <subfield code="b">how it enriches our faith</subfield>
    <subfield code="c">/ J. Dorcas Gordon</subfield>
  </datafield>
  <datafield tag="520" ind1=" " ind2=" ">
    <subfield code="a">Nuestra fe se enriquece cuando tiene lugar un di&#xE1;logo aut&#xE9;ntico entre diferentes perspectivas de fe dentro del cristianismo, y particularmente cuando este di&#xE1;logo es transcultural. Una feminista china, Kwok Pui Lan, al analizar la interacci&#xF3;n entre la Biblia y la cultura china, habla de c&#xF3;mo la Biblia se ha utilizado como norma para juzgar a otras culturas y como herramienta de dominaci&#xF3;n.</subfield>
  </datafield>
  <datafield tag="546" ind1=" " ind2=" ">
    <subfield code="a">Texto en ingl&#xE9;s.</subfield>
  </datafield>
  <datafield tag="650" ind1=" " ind2="7">
    <subfield code="a">Fe</subfield>
    <subfield code="9">531</subfield>
  </datafield>
  <datafield tag="650" ind1=" " ind2="7">
    <subfield code="a">Hermen&#xE9;utica b&#xED;blica</subfield>
    <subfield code="9">7333</subfield>
  </datafield>
  <datafield tag="650" ind1=" " ind2="7">
    <subfield code="a">Cristianismo</subfield>
    <subfield code="9">22</subfield>
  </datafield>
  <datafield tag="650" ind1=" " ind2="7">
    <subfield code="a">Antropolog&#xED;a cultural y social</subfield>
    <subfield code="9">6714</subfield>
  </datafield>
  <datafield tag="773" ind1="0" ind2=" ">
    <subfield code="t">Reformed World</subfield>
    <subfield code="0">49396</subfield>
    <subfield code="9">59542</subfield>
    <subfield code="g">Volumen 44, (n&#xFA;mero 3, 1994) p&#xE1;ginas: 117 - 121</subfield>
    <subfield code="q">p&#xE1;gina: 117</subfield>
  </datafield>
  <datafield tag="942" ind1=" " ind2=" ">
    <subfield code="c">ANA</subfield>
  </datafield>
  <datafield tag="945" ind1=" " ind2=" ">
    <subfield code="a">Catherine Arias &#xC1;lvarez - Practicante SENA</subfield>
  </datafield>
  <datafield tag="999" ind1=" " ind2=" ">
    <subfield code="c">55361</subfield>
    <subfield code="d">55361</subfield>
  </datafield>
</record>
